000 00578nam a2200169 i 4500
001 138867
003 ES-MaACL
005 20230906195644.0
007 t|
008 070214s1915 cu r ||||1| spa d
100 1 _aSantovenia, Emeterio S.
_9103543
245 1 0 _aGonzalo de Quesada
_b: contribución biográfica /
_cpor Emeterio S. Santovenia.
260 _aPinar del Río [Cuba] :
_b[s. n.],
_c1915 (
_fImp. `La Comercial`)
300 _a33 p., [1] h. de lám. ;
_c21 x 14 cm.
600 1 4 _aQuesada y Aróstegui, Gonzalo de.
_9160647
852 _aES-MaACL
_j1680-F-5
_bR.4855
999 _c138867
_d138867